Análisis de las tecnologías de vaporización de gas natural licaudo y el diseño del regasificadorde la terminal para su uso en las costas costarricenses
Αποθηκεύτηκε σε:
| Κύριος συγγραφέας: | |
|---|---|
| Άλλοι συγγραφείς: | |
| Μορφή: | Βιβλίο |
| Γλώσσα: | Spanish |
| Έκδοση: |
[San José], Costa Rica
2015
|
| Θέματα: | |
| Ετικέτες: |
Προσθήκη ετικέτας
Δεν υπάρχουν, Καταχωρήστε ετικέτα πρώτοι!
|
MARC
| LEADER | 00000nam a22000007a 4500 | ||
|---|---|---|---|
| 003 | 012282 | ||
| 005 | 20221231143925.0 | ||
| 008 | 151027b2015 cr a|||| |||| 00| 0 spa d | ||
| 040 | |c cru CEDI | ||
| 090 | |a TFG 7446 | ||
| 100 | |9 1835 |a Hernández Vargas, Sergio | ||
| 245 | |a Análisis de las tecnologías de vaporización de gas natural licaudo y el diseño del regasificadorde la terminal para su uso en las costas costarricenses | ||
| 260 | |a [San José], Costa Rica |c 2015 | ||
| 500 | |a Proyecto de graduación (licenciatura en ingeniería mecánica)--Universidad de Costa Rica. Facultad de Ingeniería. Escuela de Ingeniería Mecánica | ||
| 650 | |x GAS NATURAL LICUADO |x GAS NATURAL - ALMACENAMIENTO - NORMAS |x GAS NATURAL LICUADO - ALMACENAMIENTO - MOIN (LIMON, COSTA RICA) |9 1837 | ||
| 700 | |9 1836 |a Salas Vargas, Juan José | ||
| 942 | |c TFG | ||
| 999 | |c 14294 |d 14294 | ||
